<?xml version="1.0" encoding="UTF-8"?>
<marc:record xmlns:marc="http://www.loc.gov/MARC21/slim">
   <marc:leader>00000nam a2200000 a 4500</marc:leader>
   <marc:datafield ind1="1" ind2=" " tag="100">
      <marc:subfield code="a">Boes, Hans</marc:subfield>
   </marc:datafield>
   <marc:datafield ind1=" " ind2=" " tag="653">
      <marc:subfield code="a">Güterverkehr</marc:subfield>
   </marc:datafield>
   <marc:datafield ind1=" " ind2=" " tag="653">
      <marc:subfield code="a">Verkehrspolitik</marc:subfield>
   </marc:datafield>
   <marc:datafield ind1=" " ind2=" " tag="653">
      <marc:subfield code="a">Verkehrsplanung</marc:subfield>
   </marc:datafield>
   <marc:datafield ind1=" " ind2=" " tag="653">
      <marc:subfield code="a">Bahn</marc:subfield>
   </marc:datafield>
   <marc:datafield ind1=" " ind2=" " tag="653">
      <marc:subfield code="a">Stadtentwicklung</marc:subfield>
   </marc:datafield>
   <marc:datafield ind1=" " ind2=" " tag="653">
      <marc:subfield code="a">Lärmbelastung</marc:subfield>
   </marc:datafield>
   <marc:datafield ind1="0" ind2="0" tag="245">
      <marc:subfield code="a">Güterverkehr in der Region</marc:subfield>
   </marc:datafield>
   <marc:datafield ind1="0" ind2="0" tag="245">
      <marc:subfield code="b">Technik, Organisation, Innovation</marc:subfield>
   </marc:datafield>
   <marc:datafield ind1=" " ind2="1" tag="264">
      <marc:subfield code="a">Marburg</marc:subfield>
      <marc:subfield code="b">Metropolis-Verl.</marc:subfield>
      <marc:subfield code="c">1996</marc:subfield>
   </marc:datafield>
   <marc:datafield ind1="1" ind2=" " tag="520">
      <marc:subfield code="a">Die Autoren dieses Bandes, Verkehrswissenschaftler, Stadtplaner sowie Vertreter von Logistikunternehmen, suchen nach Auswegen aus diesem doppelten Dilemma. Der Darlegung zukünftiger Anforderungen an die Transportwirtschaft, zusammengefaßt im Bedeutungszugewinn des "Zeitmanagements" (Just in Time-Produktion, verringerte Fertigungstiefe) folgen Prognosen über das zukünftige Güterverkehrsaufkommen in der BRD. Die Berechnungen lassen für Umwelt und Klima nichts Gutes erhoffen. Unter Beibehaltung der derzeitigen Rahmenbedingungen (z.B. Treibstoffpreise) wird allein für den Güterfernverkehr bis 2010 eine Steigerung der Verkehrsleistung um 64% (Basisjahr 1988) erwartet, was bei gleichzeitig prognostizierter Abnahme der Bahntransporte zugunsten des LKWs einen Mehrausstoß von CO2 um 52% gegenüber 1988 bedeutet. Selbst im "Verminderungsszenario", das u.a. von einer Verteuerung der Dieseltreibstoffe merklich über der Inflationsrate sowie von Wettbewerbsverbesserungen auf Seiten der Bahn und des Schiffahrtsbetriebs ausgeht, wird noch mit einer Steigerung der CO2-Emissionen um über 23% gerechnet (das Toronto-Ziel läßt grüßen!) Daß angesichts solcher Prognosen umweltengagierte VerkehrsplanerInnen nicht gleich das Handtuch werfen, sondern weiterhin nach Alternativlösungen suchen, ist ebenso bewundernswert wie wichtig. Als Beispiele für solche Alternativen werden in diesem Band u.a. vorgestellt: Optimierungen im kombinierten Güterverkehr Straße/Schiene, der Ringzug Rhein-Rhur als Distributionsmodell eines regionalen Schienengüterverkehrs, der Ausbau von Güterverkehrszentren (GVZ) und Citylogistik, das Konzept von CargoTrams zur Entlastung der Innenstädte (realisiert in Kassel) sowie die Wiederbelebung des Zustellservice für private Haushalte (Versuch der Wuppertaler Stadtwerke). Sollen diese unterstützenswerten Projekte jedoch nicht Sysiphos-Arbeit bleiben, so brauchen wir Umsteuerungen auch auf der Makroebene durch eine wieder forcierte "Raumbindung der Ökonomie". Daß regionale Wirtschaftskreisläufe keinen Rückschritt in vormoderne Zeiten bedeuten müssen, sondern zum Standortfaktor der Zukunft avancieren könnten (Integration von Produktionstätten, Zulieferer und Dienstleistern), legt Markus Hesse, einer der Herausgeber, in einem abschließenden Beitrag anschaulich dar.</marc:subfield>
   </marc:datafield>
   <marc:datafield ind1=" " ind2=" " tag="020">
      <marc:subfield code="a">389518022X</marc:subfield>
      <marc:subfield code="9">389518022X</marc:subfield>
   </marc:datafield>
   <marc:datafield ind1="0" ind2=" " tag="490">
      <marc:subfield code="v">0</marc:subfield>
   </marc:datafield>
   <marc:datafield ind1=" " ind2=" " tag="542">
      <marc:subfield code="d">Boes, Hans</marc:subfield>
   </marc:datafield>
   <marc:datafield ind1=" " ind2=" " tag="300">
      <marc:subfield code="a">432 S.</marc:subfield>
   </marc:datafield>
</marc:record>
